Quizzes
Events
Quiz Creation
Community
Videos
Private Events
Remove Ads
Sign In
Join for FREE
Feedback
Dark Mode
Quiz Categories
Sports
Geography
Music
Movies
Television
Just For Fun
Miscellaneous
History
Literature
Language
Science
Gaming
Entertainment
Religion
Holiday
For Kids
Quiz Lab
Recent
Popular Today
Quiz Kudos Today
Editor Picks
Curator Picks
Quizzes by...
Day
Popularity
Type
Ratings
Length
Year
Community
Subscriptions
Recent Discussions
Orange Saloon
Badges
Playlists
Quests
Create
Leaderboards
Showdown
Live 5
Trivia Bingo
Activity
Puzzle Library
Sporcle Events
Private Events
Virtual Trivia
Globe League
Become a Host
Pub Owners
SporcleCon
Opinionation
Our Games
Videos
Blog
Mobile Apps
Partnerships
Remove Ads and Go Orange
Feedback
Sports
Athletes
MLB
NBA
NHL
NFL
Soccer
Sports Teams
WWE
NCAA
Football
Premier League
Basketball
Baseball
Hockey
Golf
Tennis
Cricket
Rugby
Auto Racing
Olympics
World Cup
Sports
Athletes
MLB
NBA
NHL
NFL
Soccer
Sports Teams
WWE
NCAA
Football
Premier League
Basketball
Baseball
Hockey
Golf
Tennis
Cricket
Rugby
Auto Racing
Olympics
World Cup
Random Quiz
Search Sporcle
×
Quiz Lab
Quiz Lab
Sports
hart
Type in answers that appear in a list
Type in answers that appear in a list
Classic
Best Score? Go Orange.
Bret Hart's Wrestlemania Opponents Stats
Can You Name Bret Hart's Opponent At Wrestlemania?
By
terrellirby36
7m
19 Questions
185 Plays
185 Plays
185 Plays
Comments
Comments
Give Quiz Kudos
Give Quiz Kudos
-
- Ratings
hide this ad
More Info
Replay
Link that replays current quiz
Next Quiz
Link to next quiz in quiz playlist
You Got
0%
They Got
Avg Score
64%
Avg Friend Score
Upgrade to see
Score Distribution
Jump to the score distribution portion of the page
Score
0/19
Timer
07:00
0
Plays Today
Wrestlemania
Bret Hart's Wrestlemania Opponents
% Correct
Wrestlemania XII
Shawn Michaels
95.2%
Wrestlemania X
Owen Hart
94.4%
Wrestlemania X
Yokozuna
93.7%
Wrestlemania 13
Stone Cold Steve Austin
92.1%
Wrestlemania XXVI
Mr. McMahon
84.9%
Wrestlemania IX
Yokozuna
84.9%
Wrestlemania VIII
Roddy Piper
78.9%
Wrestlemania XI
Bob Backlund
73.8%
Wrestlemania II (Eliminated By ? In The WWE vs. NFL Battle Royal)
Andre The Giant
71.4%
Wrestlemania IV (Eliminated By ? In The 20-
Man Battle Royal)
Bad News Brown
63.2%
Wrestlemania
Bret Hart's Wrestlemania Opponents
% Correct
Wrestlemania III
Davey Boy Smith
59.5%
Wrestlemania III
Tito Santana
56.8%
Wrestlemania III
Dynamite Kid
55.7%
Wrestlemania VII
Brian Knobbs
55.1%
Wrestlemania VII
Jerry Sags
54.6%
Wrestlemania V
The Honky Tonk Man
45.4%
Wrestlemania V
Greg Valentine
45.4%
Wrestlemania VI
Nikolai Volkoff
43.2%
Wrestlemania VI
Boris Zhukov
35.7%
Quiz Playlist
Details
Report
Send in Message
Add To Playlist
More Info:
And Remember As Always To Leave The Comments Below! (No Rude Comments)
Classic:
Type in answers that appear in a list
Last Updated: Feb 16, 2017
Quiz Scoreboard
CHALLENGE
Sign Up to Join the Scoreboard
Show All
Scores
Hide
Comments
May contain spoilers
Recently Published
Presidents Visiting Landmarks
by Hejman
History
7m
An Introduction to Baseball
by treessimontrees
Sports
5m
Movies - When Are They Set?
by FPL_Elf
Movies
5m
More to Explore
Quiz From the Vault
Featured Blog Post
Where Did the Easter Bunny Come From?
hide this ad
You Might Also Like...
Tags
bret
brethart
hart
opponent
Wrestlemania
Today's Top Quizzes in Sports
Browse Sports
hide this ad
Today's Top Quizzes in hart
Browse hart
Top Contributed Quizzes in Sports
1
Les meilleurs buteurs des matchs entre le PSG et l’OM
2
2022 World Cup Stars
3
FIFA Club World Cup Champions
4
Les entraîneurs de l'OM et du PSG au 21e siècle
5
Name the Premier League winners with different clubs
6
La finale Lions - Afrique du Sud 2021
7
5-to-1: UK Sports Teams
8
England Test cricketers to play under Nasser Hussain
9
Players with Multiple 50 Home Run Seasons
10
AFC Teams Reveal (Wrong Answers Minefield)
Explore More
Trending Topics
Anime
Harry Potter
NBA
Marvel
Crossword
Kpop
Disney
NFL
Puzzle
WWE
Song
Pokémon
Soccer
Country
The Office
hide this ad
More By:
terrellirby36
Quiz
Plays
Rating
Category
Featured
Created
NBA Champions (1950-2015)
5,341
3.00
Sports
Feb 18, 2016
WWE Slammy Awards; Superstar Of The Year Winners
472
4.00
Sports
Jan 27, 2016
WCW Bash At The Beach 1996; Complete The Card
399
2.00
Sports
Dec 16, 2015
MLB World Series Winners (1903-2015)
384
2.25
Sports
Apr 22, 2016
Stone Cold Steve Austin's Wrestlemania Opponents
333
Sports
Mar 4, 2016
Go to Creator's Profile
Score Distribution
Quiz Creator Spotlight
terrellirby36
Follow
Send a Message
Quizzes Created
-
Created Quiz Play Count
-
More By This Creator
Popular Quizzes Today
1
Find the US States - No Outlines Minefield
2
Find the Countries of Europe - No Outlines Minefield
3
The Countries of the World
4
Find the US States
5
Popular People in 1961
6
US States
7
Risky Map Clicking: Biggest States A-Z
8
Movies - When Are They Set?
More Sports Quizzes
Indian Test Cricket Triple Centurions
Quiz Lab
Trending Quizzes
Risky Map Clicking: Least Populous States A-Z
1-10 Letter G Words
1-10 Letter F Words
Risky Map Clicking: Next State Alphabetically
Risky Map Clicking: Biggest States A-Z
Recently Updated
Leaping Animals
pecheneg
Reality TV Shows (A-Z)
bhenderson79
Rickey Henderson's Hall of Fame Teammates
pecheneg
Champions League XIs: Arsenal
pecheneg
Quick Pick: Celebrities in WWE's Hall of Fame
aduchscher
A-Z Keypad Blitz II
pecheneg
Multiple Oscar Actors
pecheneg
Mystery Phrase Blitz: Oscar 'Best Actors'
pecheneg
F. Scott Fitzgerald Novels
LTH
Pick 3 Villains
ddd62291
Trending Topics
Crossword
Anime
NBA
Disney
Marvel
Harry Potter
Kpop
Pokémon
WWE
Soccer
Song
Puzzle
Country
NFL
The Office
Your Account Isn't Verified!
In order to create a playlist on Sporcle, you need to verify the email address you used during registration. Go to your
Sporcle Settings
to finish the process.
Report this User
Report this user for behavior that violates our
Community Guidelines
.
Details:
Send Report
Go to the Sporcle.com Mobile Site →
Comments